00414nam a22001457a 450000500170000000800410001702000150005804100130007308200130008610000130009924500420011226000580015430000300021265000260024220240619085223.0240619b |||||||| |||| 00| 0 eng d a0406851700 aEnglish  a349 LAW  lEnglish  aThe All England Law Reports: Reprint  aLondon: bButterworth and Co. Publishers Ltd, c1990  bxx, 1120 pages; c25 cm.  aLegal practice bLaw